[Event "EYCC 2024 - G12"]
[Site "?"]
[Date "2024.08.26"]
[Round "5.1"]
[White "Matskevich, Varvara"]
[Black "Bassari, Senem Gul"]
[Result "1-0"]
[BlackElo "1774"]
[WhiteElo "1956"]
[LiveChessVersion "1.4.8"]

1. e4 {[%clk 1:30:54]} c5 {[%clk 1:30:31]} 2. Nf3 {[%clk 1:30:53]} d6
{[%clk 1:30:35]} 3. g3 {[%clk 1:30:50]} Nc6 {[%clk 1:28:36]} 4. Bg2
{[%clk 1:30:48]} g6 {[%clk 1:28:32]} 5. O-O {[%clk 1:30:43]} Bg7 {[%clk 1:28:37]}
6. d3 {[%clk 1:30:47]} Rb8 {[%clk 1:24:47]} 7. h3 {[%clk 1:28:27]} b5
{[%clk 1:21:15]} 8. Re1 {[%clk 1:25:55]} e6 {[%clk 1:15:56]} 9. c3
{[%clk 1:24:34]} Qa5 {[%clk 0:57:39]} 10. Be3 {[%clk 1:20:56]} Nge7
{[%clk 0:46:40]} 11. Nbd2 {[%clk 1:17:47]} O-O {[%clk 0:42:16]} 12. Qc2
{[%clk 1:15:18]} Ba6 {[%clk 0:37:15]} 13. a3 {[%clk 1:12:29]} Qc7
{[%clk 0:35:13]} 14. Rec1 {[%clk 1:10:27]} Rfc8 {[%clk 0:34:14]} 15. b4
{[%clk 1:01:29]} cxb4 {[%clk 0:28:57]} 16. axb4 {[%clk 1:01:50]} Bb7
{[%clk 0:20:27]} 17. Rab1 {[%clk 0:57:52]} a5 {[%clk 0:18:46]} 18. bxa5
{[%clk 0:56:17]} Qxa5 {[%clk 0:17:26]} 19. Nb3 {[%clk 0:53:25]} Qc7
{[%clk 0:15:30]} 20. Qd2 {[%clk 0:49:55]} Ne5 {[%clk 0:07:22]} 21. Nfd4
{[%clk 0:47:37]} Ba8 {[%clk 0:05:38]} 22. f4 {[%clk 0:44:42]} N5c6
{[%clk 0:03:38]} 23. Ne2 {[%clk 0:43:49]} Qd7 {[%clk 0:03:01]} 24. Rc2
{[%clk 0:42:00]} Bb7 {[%clk 0:01:57]} 25. Nbc1 {[%clk 0:41:16]} Nd8
{[%clk 0:01:13]} 26. Na2 {[%clk 0:40:23]} Bc6 {[%clk 0:01:02]} 27. Nb4
{[%clk 0:40:05]} Qb7 {[%clk 0:00:58]} 28. Nd4 {[%clk 0:37:41]} e5
{[%clk 0:00:49]} 29. Nb3 {[%clk 0:37:23]} exf4 {[%clk 0:00:39]} 30. gxf4
{[%clk 0:36:47]} Ra8 {[%clk 0:00:39]} 31. Nxc6 {[%clk 0:33:21]} Nexc6
{[%clk 0:00:37]} 32. d4 {[%clk 0:33:13]} Qd7 {[%clk 0:00:34]} 33. e5
{[%clk 0:33:08]} Rab8 {[%clk 0:00:38]} 34. Ra2 {[%clk 0:30:39]} Ne7
{[%clk 0:00:38]} 35. Ra6 {[%clk 0:22:51]} Nf5 {[%clk 0:00:38]} 36. exd6
{[%clk 0:21:15]} Nxd6 {[%clk 0:00:41]} 37. Nc5 {[%clk 0:21:33]} Qe7
{[%clk 0:00:38]} 38. Bf2 {[%clk 0:21:20]} Nc4 {[%clk 0:00:34]} 39. Qd3
{[%clk 0:20:52]} Ne6 {[%clk 0:00:36]} 40. Nxe6 {[%clk 0:21:00]} fxe6
{[%clk 0:00:58]} 41. Re1 {[%clk 0:21:03]} Qf7 {[%clk 0:00:35]} 42. Raxe6
{[%clk 0:20:57]} Re8 {[%clk 0:00:36]} 43. Bd5 {[%clk 0:19:53]} Kh8
{[%clk 0:00:33]} 44. Rxe8+ {[%clk 0:20:16]} Qxe8 {[%clk 0:00:59]} 45. Rxe8+
{[%clk 0:20:39]} Rxe8 {[%clk 0:01:26]} 46. Bxc4 {[%clk 0:21:00]} bxc4
{[%clk 0:01:53]} 47. Qxc4 {[%clk 0:21:21]} 1-0

[Event "EYCC 2024 - G12"]
[Site "?"]
[Date "2024.08.26"]
[Round "5.2"]
[White "Hangyal, Anna"]
[Black "Pehlivanova, Aleksandra"]
[Result "1-0"]
[BlackElo "1793"]
[WhiteElo "1853"]
[LiveChessVersion "1.4.8"]

1. e4 {[%clk 1:30:47]} c5 {[%clk 1:30:56]} 2. c3 {[%clk 1:31:12]} Nf6
{[%clk 1:31:18]} 3. e5 {[%clk 1:31:36]} Nd5 {[%clk 1:31:45]} 4. d4
{[%clk 1:31:43]} cxd4 {[%clk 1:32:11]} 5. Nf3 {[%clk 1:31:55]} Nc6
{[%clk 1:32:35]} 6. cxd4 {[%clk 1:32:19]} d6 {[%clk 1:32:59]} 7. Bc4
{[%clk 1:32:32]} dxe5 {[%clk 1:33:25]} 8. dxe5 {[%clk 1:32:46]} Ndb4
{[%clk 1:33:50]} 9. O-O {[%clk 1:32:57]} Qxd1 {[%clk 1:15:19]} 10. Rxd1
{[%clk 1:33:19]} Bg4 {[%clk 1:11:03]} 11. Nc3 {[%clk 1:32:38]} Bxf3
{[%clk 1:00:08]} 12. gxf3 {[%clk 1:33:01]} Nxe5 {[%clk 0:58:18]} 13. Bb3
{[%clk 1:33:13]} e6 {[%clk 0:53:00]} 14. f4 {[%clk 1:29:31]} Nec6
{[%clk 0:50:55]} 15. f5 {[%clk 1:22:11]} e5 {[%clk 0:49:08]} 16. Nb5
{[%clk 1:19:30]} Rc8 {[%clk 0:45:46]} 17. Ba4 {[%clk 1:16:57]} a6
{[%clk 0:40:56]} 18. Na7 {[%clk 1:15:41]} Ra8 {[%clk 0:39:22]} 19. Nxc6
{[%clk 1:07:03]} Nxc6 {[%clk 0:38:06]} 20. Be3 {[%clk 1:07:13]} Be7
{[%clk 0:34:33]} 21. Rac1 {[%clk 1:06:02]} Rc8 {[%clk 0:34:02]} 22. Bb6
{[%clk 1:03:20]} Bf6 {[%clk 0:22:48]} 23. Rc2 {[%clk 0:52:09]} h6
{[%clk 0:17:46]} 24. Kg2 {[%clk 0:47:29]} O-O {[%clk 0:15:58]} 25. Rd7
{[%clk 0:46:16]} Ne7 {[%clk 0:15:43]} 26. Rxc8 {[%clk 0:44:46]} Rxc8
{[%clk 0:16:10]} 27. Bb3 {[%clk 0:44:24]} Nxf5 {[%clk 0:11:21]} 28. Rxf7
{[%clk 0:36:55]} Kh7 {[%clk 0:09:59]} 29. Rd7 {[%clk 0:32:01]} e4
{[%clk 0:07:55]} 30. Bd5 {[%clk 0:27:29]} Re8 {[%clk 0:06:04]} 31. Bxb7
{[%clk 0:26:54]} Re6 {[%clk 0:05:23]} 32. Bc5 {[%clk 0:25:36]} Bxb2
{[%clk 0:04:41]} 33. Rf7 {[%clk 0:20:46]} Bf6 {[%clk 0:04:19]} 34. Bc8
{[%clk 0:19:24]} Nh4+ {[%clk 0:04:24]} 35. Kh3 {[%clk 0:18:10]} Rc6
{[%clk 0:04:41]} 36. Be7 {[%clk 0:17:31]} Rc3+ {[%clk 0:03:02]} 37. Kg4
{[%clk 0:17:47]} Bxe7 {[%clk 0:02:14]} 38. Rxe7 {[%clk 0:17:52]} Rxc8
{[%clk 0:02:31]} 39. Kxh4 {[%clk 0:18:15]} Rc4 {[%clk 0:02:57]} 40. Kg3
{[%clk 0:17:42]} Ra4 {[%clk 0:03:13]} 41. Re6 {[%clk 0:17:23]} a5
{[%clk 0:03:06]} 42. h4 {[%clk 0:17:18]} Kg8 {[%clk 0:02:14]} 43. Re5
{[%clk 0:15:19]} Kf7 {[%clk 0:02:21]} 44. Rb5 {[%clk 0:14:18]} Rxa2
{[%clk 0:02:27]} 45. Rb7+ {[%clk 0:14:43]} Kg6 {[%clk 0:01:36]} 46. Rb6+
{[%clk 0:15:04]} Kh7 {[%clk 0:01:32]} 47. h5 {[%clk 0:14:57]} a4 {[%clk 0:01:14]}
48. Ra6 {[%clk 0:15:17]} a3 {[%clk 0:00:48]} 49. Ra4 {[%clk 0:15:13]} Ra1
{[%clk 0:00:48]} 50. Kg2 {[%clk 0:14:51]} a2 {[%clk 0:00:36]} 51. Ra6
{[%clk 0:15:12]} Kg8 {[%clk 0:00:37]} 52. Ra7 {[%clk 0:15:28]} Kf8
{[%clk 0:00:50]} 53. Kh2 {[%clk 0:15:52]} Rb1 {[%clk 0:00:33]} 54. Rxa2
{[%clk 0:16:12]} Rb5 {[%clk 0:01:00]} 55. Ra8+ {[%clk 0:16:22]} Kf7
{[%clk 0:01:23]} 56. Ra7+ {[%clk 0:16:46]} Kf6 {[%clk 0:00:41]} 57. Ra6+
{[%clk 0:17:08]} Kf7 {[%clk 0:00:36]} 58. Ra7+ {[%clk 0:17:29]} Kf6
{[%clk 0:00:32]} 59. Ra6+ {[%clk 0:17:51]} Kg5 {[%clk 0:00:51]} 60. Rg6+
{[%clk 0:18:11]} Kxh5 {[%clk 0:01:16]} 61. Rxg7 {[%clk 0:18:17]} Kh4
{[%clk 0:01:23]} 62. Rf7 {[%clk 0:17:50]} Kg4 {[%clk 0:01:15]} 63. Kg2
{[%clk 0:17:41]} Rf5 {[%clk 0:00:53]} 64. Re7 {[%clk 0:17:15]} Kf4
{[%clk 0:01:11]} 65. Rh7 {[%clk 0:16:27]} h5 {[%clk 0:01:35]} 66. Rh8
{[%clk 0:16:33]} Rg5+ {[%clk 0:01:54]} 67. Kf1 {[%clk 0:15:35]} Kg4
{[%clk 0:01:54]} 68. Kg2 {[%clk 0:15:48]} Kh4+ {[%clk 0:01:40]} 69. Kh2
{[%clk 0:15:35]} Rg6 {[%clk 0:00:51]} 70. Re8 {[%clk 0:15:01]} Rg4
{[%clk 0:01:04]} 71. Rf8 {[%clk 0:15:09]} Kg5 {[%clk 0:01:06]} 72. f3
{[%clk 0:14:20]} exf3 {[%clk 0:00:37]} 73. Rxf3 {[%clk 0:14:46]} 1-0

[Event "EYCC 2024 - G12"]
[Site "?"]
[Date "2024.08.26"]
[Round "5.3"]
[White "Jordan, Christina"]
[Black "Lampou, Marianta"]
[Result "1/2-1/2"]
[BlackElo "1777"]
[WhiteElo "1811"]
[LiveChessVersion "1.4.8"]

1. e4 {[%clk 1:30:57]} c5 {[%clk 1:30:55]} 2. Nf3 Nc6 {[%clk 1:31:18]} 3. d4
{[%clk 1:31:37]} cxd4 {[%clk 1:31:45]} 4. Nxd4 {[%clk 1:32:00]} e5
{[%clk 1:32:06]} 5. Nb5 {[%clk 1:29:18]} d6 {[%clk 1:32:23]} 6. N1c3
{[%clk 1:28:22]} a6 {[%clk 1:32:45]} 7. Na3 {[%clk 1:28:36]} Be6 {[%clk 1:32:51]}
8. Bc4 {[%clk 1:16:04]} Nf6 {[%clk 1:17:54]} 9. f3 {[%clk 1:10:31]} b5
{[%clk 1:04:31]} 10. Bd5 {[%clk 1:03:31]} Bxd5 {[%clk 1:03:22]} 11. Nxd5
{[%clk 1:03:45]} Rc8 {[%clk 0:47:36]} 12. c3 {[%clk 0:55:18]} Nxd5
{[%clk 0:46:25]} 13. Qxd5 {[%clk 0:53:20]} b4 {[%clk 0:42:36]} 14. Nc2
{[%clk 0:40:29]} bxc3 {[%clk 0:39:43]} 15. bxc3 {[%clk 0:40:12]} Qa5
{[%clk 0:34:35]} 16. Qxa5 {[%clk 0:32:35]} Nxa5 {[%clk 0:34:56]} 17. Nb4
{[%clk 0:29:12]} Rxc3 {[%clk 0:21:05]} 18. Nxa6 {[%clk 0:28:15]} Rc8
{[%clk 0:19:44]} 19. Nb4 {[%clk 0:24:24]} Nc6 {[%clk 0:17:52]} 20. Nd5
{[%clk 0:21:01]} Ne7 {[%clk 0:17:48]} 21. Nb6 {[%clk 0:19:25]} Rb8
{[%clk 0:17:15]} 22. Be3 {[%clk 0:19:07]} Nc8 {[%clk 0:11:53]} 23. Nd5
{[%clk 0:19:02]} Ne7 {[%clk 0:11:49]} 24. Nc3 {[%clk 0:17:55]} g6
{[%clk 0:05:33]} 25. a4 {[%clk 0:17:13]} Bg7 {[%clk 0:05:35]} 26. a5
{[%clk 0:14:53]} d5 {[%clk 0:05:05]} 27. Nxd5 {[%clk 0:13:44]} Nxd5
{[%clk 0:05:28]} 28. exd5 {[%clk 0:14:10]} e4 {[%clk 0:04:47]} 29. Rc1
{[%clk 0:13:54]} exf3 {[%clk 0:05:04]} 30. gxf3 {[%clk 0:14:15]} O-O
{[%clk 0:04:39]} 31. Bb6 {[%clk 0:13:46]} Rfe8+ {[%clk 0:02:07]} 32. Kf2
{[%clk 0:13:50]} Rxb6 {[%clk 0:01:05]} 33. axb6 {[%clk 0:14:04]} Bd4+
{[%clk 0:01:32]} 34. Kg3 {[%clk 0:13:36]} Bxb6 {[%clk 0:01:39]} 35. d6
{[%clk 0:10:46]} Rd8 {[%clk 0:01:22]} 36. Rcd1 {[%clk 0:11:13]} Rd7
{[%clk 0:01:10]} 37. Rd5 {[%clk 0:10:37]} Kg7 {[%clk 0:00:58]} 38. Kf4
{[%clk 0:07:07]} Kf6 {[%clk 0:00:51]} 39. Ke4 {[%clk 0:05:57]} Ke6
{[%clk 0:00:51]} 40. Rhd1 {[%clk 0:05:25]} f6 {[%clk 0:00:57]} 41. f4
{[%clk 0:04:01]} Bd8 {[%clk 0:00:45]} 42. f5+ {[%clk 0:02:42]} gxf5+
{[%clk 0:01:08]} 43. Rxf5 {[%clk 0:03:08]} Rxd6 {[%clk 0:00:47]} 44. Rxd6+
{[%clk 0:03:31]} Kxd6 45. Rd5+ {[%clk 0:03:26]} Ke7 {[%clk 0:01:24]} 46. Rh5
{[%clk 0:03:52]} Kf7 {[%clk 0:01:24]} 47. Rxh7+ {[%clk 0:04:19]} Kg6
{[%clk 0:01:44]} 48. Rh8 {[%clk 0:04:17]} f5+ {[%clk 0:01:12]} 49. Kf3
{[%clk 0:03:50]} Bg5 {[%clk 0:00:59]} 50. h4 {[%clk 0:01:49]} Bh6
{[%clk 0:01:03]} 51. Kg3 {[%clk 0:01:30]} Kg7 {[%clk 0:00:40]} 52. Ra8
{[%clk 0:01:47]} Kf7 {[%clk 0:00:37]} 53. Ra6 {[%clk 0:01:58]} Kg7
{[%clk 0:00:40]} 54. Kf3 {[%clk 0:01:41]} Bd2 {[%clk 0:00:38]} 55. Ke2
{[%clk 0:01:44]} Bh6 {[%clk 0:00:55]} 56. Kd3 {[%clk 0:02:00]} Bc1
{[%clk 0:00:42]} 57. Kc2 {[%clk 0:01:51]} Bh6 {[%clk 0:00:55]} 58. Rc6
{[%clk 0:02:10]} Be3 {[%clk 0:01:03]} 59. Kd3 f4 {[%clk 0:01:00]} 60. Ke4
{[%clk 0:02:22]} Kh7 {[%clk 0:00:41]} 61. Kf3 {[%clk 0:01:54]} Kg7
{[%clk 0:00:49]} 62. Kg4 {[%clk 0:02:07]} Kh7 {[%clk 0:00:37]} 63. h5
{[%clk 0:02:30]} Kg7 {[%clk 0:00:39]} 64. h6+ {[%clk 0:01:49]} Kf7
{[%clk 0:00:37]} 65. Kf3 {[%clk 0:01:00]} Kg8 {[%clk 0:00:37]} 66. Rc7
{[%clk 0:01:03]} Kh8 {[%clk 0:00:37]} 67. Kg4 {[%clk 0:01:12]} f3
{[%clk 0:00:50]} 68. Kxf3 {[%clk 0:00:54]} Bxh6 {[%clk 0:01:09]} 69. Kg4
{[%clk 0:01:12]} Be3 {[%clk 0:01:00]} 70. Kf5 {[%clk 0:01:35]} Kg8
{[%clk 0:01:14]} 71. Ke6 {[%clk 0:00:48]} Bd4 {[%clk 0:01:21]} 72. Kf5
{[%clk 0:00:48]} Kf8 {[%clk 0:01:38]} 73. Kg6 {[%clk 0:00:49]} Bb2
{[%clk 0:01:50]} 1/2-1/2

[Event "EYCC 2024 - G12"]
[Site "?"]
[Date "2024.08.26"]
[Round "5.4"]
[White "Lackova, Lucie"]
[Black "Kaminska, Zuzanna"]
[Result "0-1"]
[BlackElo "1848"]
[WhiteElo "1605"]
[LiveChessVersion "1.4.8"]

1. e4 {[%clk 1:30:59]} e5 {[%clk 1:30:51]} 2. Nf3 {[%clk 1:31:24]} Nc6
{[%clk 1:31:13]} 3. d4 {[%clk 1:31:50]} exd4 {[%clk 1:31:30]} 4. Nxd4
{[%clk 1:32:15]} Bc5 {[%clk 1:31:38]} 5. Nb3 {[%clk 1:32:38]} Bb6
{[%clk 1:31:44]} 6. Nc3 {[%clk 1:33:03]} Nf6 {[%clk 1:31:51]} 7. Bg5
{[%clk 1:33:04]} h6 {[%clk 1:31:46]} 8. Bh4 {[%clk 1:33:27]} d6 {[%clk 1:31:44]}
9. Bd3 {[%clk 1:33:20]} Be6 {[%clk 1:26:13]} 10. O-O {[%clk 1:32:24]} a5
{[%clk 1:20:36]} 11. Bb5 {[%clk 1:29:11]} O-O {[%clk 1:13:03]} 12. Kh1
{[%clk 1:25:37]} Na7 {[%clk 0:54:17]} 13. Bd3 {[%clk 1:25:11]} c5
{[%clk 0:49:18]} 14. Nd2 {[%clk 1:23:39]} g6 {[%clk 0:40:05]} 15. Qf3
{[%clk 1:23:03]} g5 {[%clk 0:35:29]} 16. Na4 {[%clk 1:04:43]} Bg4
{[%clk 0:28:48]} 17. Qg3 {[%clk 1:01:53]} Bc7 {[%clk 0:26:16]} 18. Bxg5
{[%clk 0:55:27]} hxg5 {[%clk 0:26:05]} 19. f3 {[%clk 0:54:01]} Bh5
{[%clk 0:25:02]} 20. Qxg5+ {[%clk 0:53:19]} Bg6 {[%clk 0:24:26]} 21. f4
{[%clk 0:52:40]} Nd7 {[%clk 0:19:05]} 22. Qg4 {[%clk 0:52:23]} Kh8
{[%clk 0:16:30]} 23. Rf3 {[%clk 0:50:31]} Bh7 {[%clk 0:14:06]} 24. e5
{[%clk 0:48:11]} f5 {[%clk 0:13:09]} 25. exf6 {[%clk 0:47:08]} Nxf6
{[%clk 0:13:08]} 26. Qh4 {[%clk 0:45:41]} Qd7 {[%clk 0:11:35]} 27. Rh3
{[%clk 0:42:27]} Rae8 {[%clk 0:10:05]} 28. Nf3 {[%clk 0:41:21]} Re3
{[%clk 0:08:53]} 29. Bg6 {[%clk 0:34:34]} Bd8 {[%clk 0:05:38]} 30. Qf2
{[%clk 0:33:13]} Re7 {[%clk 0:03:51]} 31. Nc3 {[%clk 0:33:10]} Rg7
{[%clk 0:03:07]} 32. Bd3 {[%clk 0:32:01]} Ng4 {[%clk 0:02:15]} 33. Qd2
{[%clk 0:31:16]} Nc6 {[%clk 0:01:14]} 34. Ne4 {[%clk 0:29:33]} Nd4
{[%clk 0:00:58]} 35. Nfg5 {[%clk 0:29:30]} b5 {[%clk 0:00:51]} 36. c3
{[%clk 0:28:50]} Ne6 {[%clk 0:00:38]} 37. Bxb5 {[%clk 0:27:48]} Qxb5
{[%clk 0:00:35]} 38. Nxe6 {[%clk 0:28:03]} Qc4 {[%clk 0:00:45]} 39. N4xc5
{[%clk 0:25:19]} Re8 {[%clk 0:00:38]} 40. Nxg7 {[%clk 0:24:15]} Qxc5
{[%clk 0:00:44]} 41. Rf1 {[%clk 0:22:59]} Kxg7 42. Rg3 {[%clk 0:23:04]} Bf5
{[%clk 0:01:02]} 43. Qd1 {[%clk 0:21:25]} Kf8 {[%clk 0:00:34]} 44. Rxg4
{[%clk 0:21:27]} Bxg4 {[%clk 0:01:00]} 45. Qxg4 {[%clk 0:21:49]} Bf6
{[%clk 0:00:49]} 46. Qg6 {[%clk 0:21:46]} Bg7 {[%clk 0:01:04]} 47. f5
{[%clk 0:20:42]} Qb5 {[%clk 0:00:33]} 48. Qxd6+ {[%clk 0:20:29]} Kg8
{[%clk 0:00:50]} 49. Qf4 {[%clk 0:20:00]} Re4 {[%clk 0:00:35]} 50. Qf3
{[%clk 0:19:52]} Qe2 {[%clk 0:00:48]} 51. f6 {[%clk 0:19:18]} Qxf3
{[%clk 0:00:42]} 52. gxf3 {[%clk 0:19:41]} Re2 {[%clk 0:01:07]} 53. fxg7
{[%clk 0:19:54]} Rxb2 {[%clk 0:01:32]} 54. Ra1 {[%clk 0:18:39]} Kxg7
{[%clk 0:01:18]} 55. Kg1 {[%clk 0:18:18]} Rc2 {[%clk 0:01:37]} 56. a4
{[%clk 0:18:10]} Rxc3 {[%clk 0:01:50]} 57. Kg2 {[%clk 0:18:31]} Kf6
{[%clk 0:02:08]} 58. Kg3 {[%clk 0:18:12]} Rc4 {[%clk 0:02:17]} 59. Ra3
{[%clk 0:17:31]} Kg5 {[%clk 0:02:28]} 60. Ra2 {[%clk 0:14:47]} Rb4
{[%clk 0:02:19]} 61. h3 {[%clk 0:12:51]} Rc4 {[%clk 0:02:13]} 62. Ra3
{[%clk 0:11:43]} Rb4 {[%clk 0:02:36]} 63. Kf2 {[%clk 0:11:55]} Kf4
{[%clk 0:02:14]} 64. h4 {[%clk 0:11:16]} Rb2+ {[%clk 0:02:35]} 65. Ke1
{[%clk 0:11:16]} Rh2 {[%clk 0:02:01]} 66. Rc3 {[%clk 0:10:41]} Ra2
{[%clk 0:01:43]} 67. Rc4+ {[%clk 0:05:39]} Kxf3 {[%clk 0:01:29]} 68. h5
{[%clk 0:03:29]} Ke3 {[%clk 0:00:37]} 69. Rc3+ {[%clk 0:03:50]} Kf4
{[%clk 0:00:50]} 70. h6 {[%clk 0:03:33]} Rh2 {[%clk 0:00:56]} 71. Rc6
{[%clk 0:03:24]} Ke3 {[%clk 0:00:43]} 72. Re6+ {[%clk 0:03:23]} Kd4
{[%clk 0:00:50]} 73. Rg6 {[%clk 0:03:07]} Kc4 {[%clk 0:00:39]} 74. Rg4+
{[%clk 0:02:04]} Kb3 {[%clk 0:00:35]} 75. Rf4 {[%clk 0:00:59]} Rxh6
{[%clk 0:00:38]} 76. Rf3+ {[%clk 0:01:04]} Kxa4 {[%clk 0:00:54]} 77. Rf4+
{[%clk 0:01:24]} Kb3 {[%clk 0:01:06]} 78. Rf3+ {[%clk 0:01:47]} Kb2
{[%clk 0:01:22]} 79. Rf2+ {[%clk 0:01:58]} Kc1 {[%clk 0:01:27]} 80. Rf4
{[%clk 0:01:34]} Re6+ {[%clk 0:01:39]} 81. Kf2 {[%clk 0:01:46]} Kb2
{[%clk 0:01:15]} 82. Ra4 {[%clk 0:01:52]} Ra6 {[%clk 0:01:41]} 83. Re4
{[%clk 0:01:18]} Rc6 {[%clk 0:01:20]} 84. Ra4 {[%clk 0:01:21]} Rc5
{[%clk 0:01:41]} 85. Ke2 {[%clk 0:01:14]} Kb3 {[%clk 0:02:03]} 86. Ra1
{[%clk 0:01:15]} a4 {[%clk 0:01:56]} 87. Rb1+ {[%clk 0:00:55]} Kc2
{[%clk 0:01:58]} 88. Ra1 {[%clk 0:01:13]} Re5+ {[%clk 0:02:07]} 89. Kf3
{[%clk 0:01:26]} Ra5 {[%clk 0:02:13]} 90. Ke3 {[%clk 0:01:12]} a3
{[%clk 0:02:17]} 91. Ra2+ {[%clk 0:00:48]} Kb3 {[%clk 0:02:07]} 92. Rd2
{[%clk 0:00:37]} a2 {[%clk 0:02:25]} 93. Rd3+ {[%clk 0:01:00]} Kc2
{[%clk 0:02:20]} 94. Rd2+ {[%clk 0:01:20]} Kc1 {[%clk 0:02:37]} 95. Ke2
{[%clk 0:01:28]} Re5+ {[%clk 0:02:54]} 96. Kf1 {[%clk 0:01:45]} Kxd2
{[%clk 0:03:19]} 97. Kg1 {[%clk 0:02:07]} a1=Q+ {[%clk 0:03:42]} 98. Kh2
{[%clk 0:02:31]} Rg5 {[%clk 0:03:56]} 99. Kh3 {[%clk 0:02:57]} Qh1#
{[%clk 0:04:21]} 0-1

[Event "EYCC 2024 - G12"]
[Site "?"]
[Date "2024.08.26"]
[Round "5.5"]
[White "Ejsymont, Blanka"]
[Black "Alfaro Aldunate, Amaya"]
[Result "1-0"]
[BlackElo "1725"]
[WhiteElo "1861"]
[LiveChessVersion "1.4.8"]

1. e4 {[%clk 1:30:57]} c5 {[%clk 1:30:54]} 2. Nf3 {[%clk 1:31:22]} Nc6
{[%clk 1:31:18]} 3. d4 {[%clk 1:31:47]} cxd4 {[%clk 1:31:38]} 4. Nxd4
{[%clk 1:32:12]} Nf6 {[%clk 1:31:57]} 5. Nc3 {[%clk 1:31:23]} d6 {[%clk 1:32:08]}
6. f3 {[%clk 1:27:57]} g6 {[%clk 1:31:06]} 7. Nb3 {[%clk 1:25:26]} Bg7
{[%clk 1:29:45]} 8. Be3 {[%clk 1:25:18]} b6 {[%clk 1:27:17]} 9. Qd2
{[%clk 1:22:53]} O-O {[%clk 1:25:12]} 10. O-O-O {[%clk 1:22:19]} a6
{[%clk 1:19:39]} 11. g4 {[%clk 1:16:52]} b5 {[%clk 1:17:09]} 12. h4
{[%clk 1:03:11]} h5 {[%clk 0:57:19]} 13. Nd5 {[%clk 0:57:41]} Ne5
{[%clk 0:46:38]} 14. Nxf6+ {[%clk 0:50:18]} Bxf6 {[%clk 0:46:49]} 15. gxh5
{[%clk 0:46:28]} gxh5 {[%clk 0:45:42]} 16. f4 {[%clk 0:32:52]} Ng4
{[%clk 0:43:12]} 17. Be2 {[%clk 0:31:06]} Kh7 {[%clk 0:40:27]} 18. Qd5
{[%clk 0:24:09]} e5 {[%clk 0:25:49]} 19. Qxa8 {[%clk 0:18:43]} Nxe3
{[%clk 0:25:41]} 20. Rd3 {[%clk 0:17:04]} exf4 {[%clk 0:22:34]} 21. Qc6
{[%clk 0:12:13]} Be5 {[%clk 0:21:17]} 22. Nd2 {[%clk 0:10:15]} Bg4
{[%clk 0:13:57]} 23. Nf3 {[%clk 0:08:38]} Bxf3 {[%clk 0:11:24]} 24. Bxf3
{[%clk 0:08:01]} Nc4 {[%clk 0:10:28]} 25. b3 Na3 {[%clk 0:08:04]} 26. Qxa6
{[%clk 0:02:56]} b4 {[%clk 0:08:25]} 27. Qb7 {[%clk 0:01:59]} Qa5
{[%clk 0:07:36]} 28. Rd5 {[%clk 0:02:00]} Qa8 {[%clk 0:07:00]} 29. Qxb4
{[%clk 0:01:32]} Rb8 {[%clk 0:01:28]} 30. Qa5 {[%clk 0:01:32]} Qxa5
{[%clk 0:01:00]} 31. Rxa5 {[%clk 0:01:45]} Nb5 {[%clk 0:01:21]} 32. Rf1
{[%clk 0:00:35]} Kh6 {[%clk 0:01:15]} 33. Ra6 {[%clk 0:00:36]} Rg8
{[%clk 0:01:13]} 34. Kd2 {[%clk 0:00:37]} Rg3 {[%clk 0:01:16]} 35. Be2
{[%clk 0:00:34]} Nd4 {[%clk 0:01:33]} 36. c3 {[%clk 0:00:35]} Ne6
{[%clk 0:01:49]} 37. Bf3 {[%clk 0:00:51]} Rh3 {[%clk 0:01:52]} 38. b4
{[%clk 0:00:36]} Rxh4 {[%clk 0:02:04]} 39. Rf2 {[%clk 0:00:36]} Rh3
{[%clk 0:02:14]} 40. b5 {[%clk 0:00:51]} Nc5 {[%clk 0:02:21]} 41. Ra7
{[%clk 0:00:54]} Kg6 {[%clk 0:01:50]} 42. Rc7 {[%clk 0:00:34]} Kf6
{[%clk 0:02:01]} 43. b6 {[%clk 0:00:54]} Na6 {[%clk 0:01:13]} 44. Rc6
{[%clk 0:00:35]} Nb8 {[%clk 0:01:28]} 45. Rc8 {[%clk 0:00:41]} Nd7
{[%clk 0:01:20]} 46. b7 {[%clk 0:00:58]} d5 {[%clk 0:01:48]} 47. exd5
{[%clk 0:00:45]} h4 {[%clk 0:01:45]} 48. Bg4 {[%clk 0:00:46]} 1-0

[Event "EYCC 2024 - G12"]
[Site "?"]
[Date "2024.08.26"]
[Round "5.6"]
[White "Mataczyna, Aleksandra"]
[Black "Alcantara, Levanah"]
[Result "1/2-1/2"]
[BlackElo "1807"]
[WhiteElo "1720"]
[LiveChessVersion "1.4.8"]

1. e4 {[%clk 1:30:58]} e6 {[%clk 1:30:52]} 2. d4 {[%clk 1:31:22]} d5
{[%clk 1:31:14]} 3. exd5 {[%clk 1:31:40]} exd5 {[%clk 1:31:36]} 4. Nf3
{[%clk 1:31:59]} Bg4 {[%clk 1:31:57]} 5. h3 {[%clk 1:32:09]} Bh5 {[%clk 1:32:10]}
6. Qe2+ {[%clk 1:32:10]} Qe7 {[%clk 1:30:40]} 7. Be3 {[%clk 1:32:23]} Nc6
{[%clk 1:29:57]} 8. g4 {[%clk 1:30:53]} Bg6 {[%clk 1:30:05]} 9. Nc3
{[%clk 1:30:12]} O-O-O {[%clk 1:30:03]} 10. O-O-O {[%clk 1:29:43]} Nf6
{[%clk 1:28:45]} 11. Ne5 {[%clk 1:29:39]} Qe8 {[%clk 1:19:16]} 12. Bg2
{[%clk 1:23:52]} Bb4 {[%clk 1:17:22]} 13. Nxg6 {[%clk 1:17:33]} hxg6
{[%clk 1:16:49]} 14. Qd3 {[%clk 1:13:15]} Qe7 {[%clk 1:12:55]} 15. g5
{[%clk 1:07:42]} Ne4 {[%clk 1:04:49]} 16. Nxe4 {[%clk 0:52:21]} dxe4
{[%clk 1:04:57]} 17. Bxe4 {[%clk 0:52:06]} Qd7 {[%clk 0:57:38]} 18. Qb5
{[%clk 0:44:55]} a6 {[%clk 0:51:55]} 19. Qc4 {[%clk 0:39:00]} Be7
{[%clk 0:47:24]} 20. Rd3 {[%clk 0:33:48]} Rh4 {[%clk 0:40:25]} 21. f4
{[%clk 0:24:59]} Bd6 {[%clk 0:30:16]} 22. Bf3 {[%clk 0:19:21]} f6
{[%clk 0:25:55]} 23. gxf6 {[%clk 0:05:24]} gxf6 {[%clk 0:25:54]} 24. Bxc6
{[%clk 0:05:06]} Qxc6 {[%clk 0:26:13]} 25. Qe6+ {[%clk 0:05:10]} Qd7
{[%clk 0:21:29]} 26. Qxf6 {[%clk 0:05:13]} Rxh3 {[%clk 0:20:05]} 27. Rxh3
{[%clk 0:05:22]} Qxh3 {[%clk 0:20:22]} 28. Qxg6 {[%clk 0:05:01]} Bxf4
{[%clk 0:18:30]} 29. Bxf4 {[%clk 0:04:30]} Qf1+ {[%clk 0:18:51]} 30. Rd1
{[%clk 0:04:52]} Qxf4+ {[%clk 0:19:17]} 31. Kb1 {[%clk 0:05:13]} Qf3
{[%clk 0:18:47]} 32. Re1 {[%clk 0:03:19]} Qf2 {[%clk 0:17:33]} 33. Qe6+
{[%clk 0:03:33]} Kb8 {[%clk 0:17:36]} 34. c3 {[%clk 0:03:02]} Qf3
{[%clk 0:17:02]} 35. Qe4 {[%clk 0:01:15]} Qf2 {[%clk 0:17:09]} 36. Qe2
{[%clk 0:00:55]} Qf5+ {[%clk 0:17:18]} 37. Qe4 {[%clk 0:01:16]} Qf2
{[%clk 0:17:08]} 38. Rh1 {[%clk 0:00:55]} Rg8 {[%clk 0:17:08]} 39. Qe5
{[%clk 0:00:44]} Qf8 {[%clk 0:13:47]} 40. a3 {[%clk 0:00:51]} Rg7
{[%clk 0:11:36]} 41. Re1 {[%clk 0:00:39]} Qf2 {[%clk 0:10:31]} 42. Qxg7
{[%clk 0:00:41]} Qxe1+ {[%clk 0:10:56]} 43. Ka2 {[%clk 0:00:48]} Qe6+
{[%clk 0:11:18]} 44. Kb1 {[%clk 0:00:56]} Qe1+ {[%clk 0:11:08]} 45. Kc2
{[%clk 0:01:09]} Qe2+ {[%clk 0:11:24]} 46. Kb3 {[%clk 0:00:59]} Qb5+
{[%clk 0:11:18]} 47. Ka2 {[%clk 0:00:48]} Qc4+ {[%clk 0:11:38]} 48. Kb1
{[%clk 0:00:51]} Qf1+ {[%clk 0:11:56]} 49. Ka2 {[%clk 0:00:52]} Qc4+
{[%clk 0:12:11]} 50. Kb1 {[%clk 0:00:57]} Qf1+ 1/2-1/2